00630cam a22002297a 4500003000500000005001700005008004100022010001000063011001000073035001000083040000900093100002600102245003800128260005900166300001900225410003400244490002000278650002700298650002100325810003400346830002000380CHAP20220329141648.0971013s1910 r 00010 d a71809 a72781 a82337 cCHAP00aGándara, Guillermo. 0aEnfermedades y plagas del naranjo aMéxico, D.F. :bEstación Agrícola Central,c1910 a51 p.b: ilus. aEstación Agrícola Central 0aBoletínv; 3114aNaranjaxEnfermedades.14aNaranjaxPlagas.00aEstación Agrícola Central0 aBoletínv; 31